Top Scorers Of Each WC Since 1982 - Statistics

General Stats
  • This quiz has been taken 20 times
  • The average score is 5 of 11
Answer Stats
Hint Answer % Correct
2022 Mbappé
94%
2002 Ronaldo
94%
2006 Klose
83%
2010 Müller
67%
2018 Kane
50%
2014 Rodríguez
28%
1982 Rossi
28%
1986 Lineker
22%
1994 Salenko & Stoichkov
22%
1990 Schillaci
22%
1998 Šuker
22%
No matching quizzes found
Score Distribution
Percent of People with Each Score
Percentile by Number Answered
Your Score History
You have not taken this quiz